[Event "Prestwick Airport Minor"]
[Site "Prestwick"]
[Date "2011.05.15"]
[Round "4"]
[White "McCusker, Kirsty"]
[Black "Roy, Charles"]
[Result "0-1"]
[WhiteElo "101"]
[BlackElo "943"]
[PlyCount "38"]
[EventDate "2011.05.15"]
[EventRounds "5"]
[EventCountry "SCO"]

1. c3 e5 2. d4 e4 3. Bf4 d5 4. e3 Nf6 5. Be2 Bd6 6. Nh3 Bxh3 7. gxh3 Bxf4 8.
exf4 O-O 9. O-O Qe7 10. Nd2 Nbd7 11. Qc2 c5 12. Rae1 Rfe8 13. f3 cxd4 14. cxd4
Rac8 15. Qb1 e3 16. Nb3 Nh5 17. f5 Nf4 18. Bb5 Qg5+ 19. Kh1 Qg2# 0-1

[Event "Prestwick Airport Minor"]
[Site "Prestwick"]
[Date "2011.05.15"]
[Round "4"]
[White "Mills, Captiva"]
[Black "Mcleod, Robert"]
[Result "0-1"]
[WhiteElo "789"]
[BlackElo "997"]
[PlyCount "81"]
[EventDate "2011.05.15"]
[EventRounds "5"]
[EventCountry "SCO"]

1. d4 Nf6 2. Bf4 g6 3. Nf3 Bg7 4. e3 O-O 5. Be2 d6 6. h3 Nbd7 7. Nbd2 a6 8. O-O
b5 9. c3 c5 10. c4 b4 11. b3 Bb7 12. Rc1 a5 13. d5 Nh5 14. Bh2 Bb2 15. Rb1 Bc3
16. Ne4 Bg7 17. Nfg5 Nhf6 18. Qc2 h6 19. Nf3 Nxe4 20. Qxe4 a4 21. Bf4 Nf6 22.
Qc2 a3 23. Bd3 Nh5 24. Bh2 f5 25. Nh4 Qe8 26. e4 f4 27. e5 Bxe5 28. Bxg6 Qd7
29. Bxh5 Rf6 30. Bg6 Raf8 31. Bh7+ Kg7 32. Rfe1 Bc8 33. Ng6 Qe8 34. Nxf8 Qxf8
35. Qe4 Bf5 36. Bxf5 Rxf5 37. Rbd1 Qf6 38. Rd3 Kf7 39. Rf3 Ke8 40. g4 Qg5 41.
Qxf5 0-1

[Event "Prestwick Airport Minor"]
[Site "Prestwick"]
[Date "2011.05.15"]
[Round "4"]
[White "Paton, Lisa"]
[Black "Espinosa, Cristina"]
[Result "0-1"]
[WhiteElo "1014"]
[BlackElo "846"]
[PlyCount "84"]
[EventDate "2011.05.15"]
[EventRounds "5"]
[EventCountry "SCO"]

1. d4 Nf6 2. Nf3 e6 3. Bf4 d6 4. h3 g6 5. c3 Nbd7 6. e3 Bg7 7. Be2 O-O 8. O-O
a6 9. Nbd2 b6 10. Nh2 Bb7 11. Bf3 d5 12. Be2 Re8 13. Nhf3 Ne4 14. Re1 e5 15.
Bh2 c5 16. Rc1 Rc8 17. b3 cxd4 18. cxd4 exd4 19. Nxd4 Bxd4 20. exd4 Nc3 21.
Rxc3 Rxc3 22. Nf3 Nf8 23. Qd2 Rc6 24. Be5 Ne6 25. Bg3 f6 26. h4 Ng7 27. Nh2 Nf5
28. Ng4 Nxg3 29. fxg3 Bc8 30. Ne3 Rce6 31. Bf3 Bb7 32. Bg4 f5 33. Bf3 Qe7 34.
Kf2 f4 35. gxf4 Qxh4+ 36. Kg1 Qxf4 37. Kf2 Re4 38. Re2 Rxd4 39. Qc3 Rde4 40. g3
Qf7 41. Kg2 d4 42. Qd3 Rxe3 0-1

[Event "Prestwick Airport Minor"]
[Site "Prestwick"]
[Date "2011.05.15"]
[Round "4"]
[White "Rank, Darren"]
[Black "Milton, Anna"]
[Result "0-1"]
[WhiteElo "1049"]
[BlackElo "522"]
[PlyCount "177"]
[EventDate "2011.05.15"]
[EventRounds "5"]
[EventCountry "SCO"]

1. e4 c5 2. Nc3 e6 3. b3 d6 4. Bb2 Nf6 5. g3 Nc6 6. Bg2 Be7 7. d3 O-O 8. Nf3 a6
9. O-O Qc7 10. Ne2 Bd7 11. Qd2 Rac8 12. c4 Rfe8 13. Rfe1 b5 14. cxb5 axb5 15.
a3 Qb6 16. h3 b4 17. a4 e5 18. Qc2 Nd4 19. Nfxd4 cxd4 20. Qd2 Rc5 21. Rec1 Rec8
22. Rxc5 Rxc5 23. Rc1 Be6 24. Rxc5 Qxc5 25. Nc1 d5 26. Kh2 dxe4 27. dxe4 Qc6
28. f3 g6 29. Bf1 Qb6 30. Qd1 Nd7 31. Nd3 f6 32. Bc1 Nc5 33. Nxc5 Bxc5 34. Bh6
g5 35. Qc2 Kf7 36. h4 Kg6 37. hxg5 fxg5 38. Bxg5 Kxg5 39. Bc4 Bxc4 40. Qxc4 h5
41. Qc1+ Kg6 42. Kg2 Bd6 43. Kh3 Qc7 44. Qd1 Qd7+ 45. Kg2 Bc5 46. Qd3 Bd6 47.
Kf2 Qc7 48. Ke2 Qc3 49. Qa6 Qe3+ 50. Kf1 Qxf3+ 51. Ke1 Qxg3+ 52. Kd1 Qxb3+ 53.
Ke1 Qe3+ 54. Kd1 Qf3+ 55. Kc1 Qf6 56. a5 h4 57. Qd3 Bc5 58. a6 Qg5+ 59. Kc2 Qg3
60. Qb5 Qc3+ 61. Kd1 h3 62. Qe8+ Kg5 63. Qxe5+ Kg4 64. Qf5+ Kh4 65. Qf4+ Kh5
66. Qf5+ Kh6 67. Qf6+ Kh7 68. Qf7+ Kh8 69. Qe8+ Kg7 70. Qd7+ Kf6 71. Qf5+ Ke7
72. Qh7+ Kd6 73. Qg6+ Kc7 74. Qf7+ Kb6 75. Qb7+ Ka5 76. a7 Bxa7 77. Qxa7+ Kb5
78. Qb7+ Kc4 79. Qc7+ Kb3 80. Qf7+ Kb2 81. Qf2+ Ka1 82. e5 b3 83. Qf8 Qc2+ 84.
Ke1 Qa2 85. e6 b2 86. Qf5 b1=Q+ 87. Qxb1+ Qxb1+ 88. Kd2 Qb4+ 89. Kd3 0-1

[Event "Prestwick Airport Minor"]
[Site "Prestwick"]
[Date "2011.05.15"]
[Round "4"]
[White "Smith, Mark J"]
[Black "Roy, Zak"]
[Result "0-1"]
[WhiteElo "1133"]
[BlackElo "877"]
[PlyCount "115"]
[EventDate "2011.05.15"]
[EventRounds "5"]
[EventCountry "SCO"]

1. e4 e5 2. Nf3 Nc6 3. Bc4 Bc5 4. b4 Bxb4 5. c3 Be7 6. Qb3 Nh6 7. d4 Na5 8. Qa4
Nxc4 9. Qxc4 exd4 10. Bxh6 gxh6 11. Ne5 Rf8 12. cxd4 d6 13. Nf3 Rg8 14. O-O Bh3
15. g3 Bxf1 16. Qxf1 Qd7 17. Nc3 c6 18. Qd3 Qc7 19. e5 d5 20. Qxh7 Rf8 21. Qxh6
Qa5 22. Qe3 Qa3 23. Ne2 Qb2 24. Re1 Qxa2 25. Nh4 Qa5 26. Nf4 Rg8 27. Nf5 Bg5
28. Nd6+ Kf8 29. Rf1 Qb4 30. Qf3 Bxf4 31. Qxf4 Rg7 32. h4 a5 33. h5 a4 34. h6
Rh7 35. Qf5 Kg8 36. Qg4+ Kh8 37. Qf5 Qxd4 38. Nxf7+ Rxf7 39. Qxf7 Rg8 40. Qf6+
Kh7 41. Kg2 Qe4+ 42. f3 Qe2+ 43. Rf2 Qe3 44. e6 Qxh6 45. Qxh6+ Kxh6 46. e7 Re8
47. Re2 b5 48. Kf2 b4 49. Ke1 b3 50. Kd1 a3 51. Kc1 c5 52. f4 c4 53. g4 c3 54.
Re6+ Kg7 55. f5 a2 56. Ra6 b2+ 57. Kc2 b1=Q+ 58. Kxc3 0-1

[Event "Prestwick Airport Minor"]
[Site "Prestwick"]
[Date "2011.05.15"]
[Round "4"]
[White "Watson, David"]
[Black "Thomas, Jacqui"]
[Result "1-0"]
[WhiteElo "1200"]
[BlackElo "1201"]
[PlyCount "135"]
[EventDate "2011.05.15"]
[EventRounds "5"]
[EventCountry "SCO"]

1. e4 c5 2. Nf3 g6 3. Nc3 Bg7 4. Bc4 e6 5. d3 Nc6 6. Bf4 Nge7 7. e5 O-O 8. Qd2
a6 9. d4 cxd4 10. Ne4 Qa5 11. Qxa5 Nxa5 12. Bd3 Nd5 13. Bg3 Nc6 14. O-O-O f6
15. h4 fxe5 16. h5 Bh6+ 17. Kb1 g5 18. Nfxg5 Bxg5 19. Nxg5 Nf6 20. f4 exf4 21.
Bxf4 e5 22. Bd2 b5 23. Rdf1 Ra7 24. Nxh7 Nxh7 25. Bxh7+ Kg7 26. h6+ Kxh7 27.
Rxf8 d6 28. Rxc8 Ne7 29. Rf8 Ng6 30. Rf6 d5 31. Rhf1 e4 32. Rf7+ Rxf7 33. Rxf7+
Kh8 34. Bg5 e3 35. Bf6+ Kg8 36. Rg7+ Kf8 37. Bxd4 e2 38. Bf2 Nh8 39. Kc1 Nf7
40. Kd2 Nxh6 41. Ra7 Nf5 42. Kxe2 b4 43. Bc5+ Ke8 44. Bxb4 Nd4+ 45. Kd3 Nc6 46.
Ra8+ Kd7 47. a3 Ne5+ 48. Kd2 Nc4+ 49. Kc3 Ne3 50. g3 Nd1+ 51. Kb3 Ne3 52. Rxa6
Nf5 53. g4 Nd4+ 54. Kc3 Ne2+ 55. Kd2 Nf4 56. a4 Nh3 57. a5 Ng5 58. Kd3 Nf3 59.
Ra7+ Kc6 60. Ke3 Ne5 61. g5 Nc4+ 62. Kd4 Nxb2 63. g6 Nc4 64. g7 Kb5 65. g8=Q
Kxb4 66. Qxd5 Nd2 67. Rb7+ Ka3 68. Kd3 1-0

[Event "Prestwick Airport Minor"]
[Site "Prestwick"]
[Date "2011.05.15"]
[Round "5"]
[White "Bonnyman, Brian"]
[Black "Bramley, Douglas"]
[Result "1-0"]
[WhiteElo "1387"]
[BlackElo "1433"]
[PlyCount "91"]
[EventDate "2011.05.15"]
[EventRounds "5"]
[EventCountry "SCO"]

1. e4 e6 2. Qe2 d5 3. exd5 Qxd5 4. Nc3 Qd8 5. d4 Nf6 6. Nf3 c6 7. g3 Qa5 8. Bg2
Nd5 9. Bd2 Bb4 10. Ne4 Bxd2+ 11. Nexd2 Qd8 12. Ne4 O-O 13. O-O Nd7 14. Rad1
N7f6 15. Rfe1 Nxe4 16. Qxe4 Nf6 17. Qe2 Qc7 18. Ne5 Bd7 19. Rd3 Rfd8 20. Bh3
Be8 21. c3 Rd6 22. Rf3 Qe7 23. Rf4 Rad8 24. Ng4 Nxg4 25. Qxg4 b6 26. Bg2 Qd7
27. Qh4 f5 28. Bh3 Bg6 29. g4 Re8 30. Qg3 Rd5 31. gxf5 exf5 32. Rxe8+ Qxe8 33.
Qe3 Qxe3 34. fxe3 b5 35. Kf2 Kf7 36. Bg2 Rd6 37. e4 Rf6 38. e5 Re6 39. Bh3 c5
40. Bxf5 Bxf5 41. Rxf5+ Kg6 42. Rf3 cxd4 43. cxd4 Rc6 44. Rc3 Ra6 45. a3 Kf5
46. Re3 1-0

[Event "Prestwick Airport Minor"]
[Site "Prestwick"]
[Date "2011.05.15"]
[Round "5"]
[White "Boyle, Daniel H"]
[Black "Mills, Captiva"]
[Result "1-0"]
[WhiteElo "1211"]
[BlackElo "789"]
[PlyCount "117"]
[EventDate "2011.05.15"]
[EventRounds "5"]
[EventCountry "SCO"]

1. c4 c5 2. Nc3 Nc6 3. g3 Nf6 4. Bg2 g6 5. d3 Bg7 6. e4 O-O 7. Nge2 d6 8. O-O
Bd7 9. Rb1 Rc8 10. a3 a5 11. Bf4 Be6 12. Nb5 Qd7 13. Re1 Bg4 14. Qd2 Bh3 15.
Bf3 b6 16. Bh6 Na7 17. Bxg7 Kxg7 18. Nxa7 Qxa7 19. Nf4 Bd7 20. Qc3 Kg8 21. e5
dxe5 22. Qxe5 Bf5 23. Qxe7 Qxe7 24. Rxe7 Rb8 25. Rbe1 Rfd8 26. R1e3 Ng4 27.
Bxg4 Bxg4 28. Nd5 b5 29. Nf6+ Kf8 30. Nxg4 Rxd3 31. Rxf7+ Kxf7 32. Ne5+ Kg7 33.
Nxd3 b4 34. axb4 cxb4 35. b3 Ra8 36. Nb2 h5 37. f4 Kh6 38. Kf2 Rf8 39. Re5 Rd8
40. Rd5 Rxd5 41. cxd5 Kg7 42. Ke3 Kf6 43. Kd4 Ke7 44. Kc5 Kd7 45. Nc4 a4 46.
Kxb4 a3 47. Nxa3 Kd6 48. Kc4 h4 49. Nb5+ Kd7 50. Kc5 hxg3 51. hxg3 g5 52. fxg5
Kd8 53. g6 Ke7 54. d6+ Kd7 55. g7 Kd8 56. g8=Q+ Kd7 57. Qf7+ Kd8 58. Kc6 Kc8
59. Qe8# 1-0

[Event "Prestwick Airport Minor"]
[Site "Prestwick"]
[Date "2011.05.15"]
[Round "5"]
[White "Cassidy, Bernard"]
[Black "Howie, Colin"]
[Result "1-0"]
[WhiteElo "1394"]
[BlackElo "785"]
[PlyCount "129"]
[EventDate "2011.05.15"]
[EventRounds "5"]
[EventCountry "SCO"]

1. e4 e5 2. Nf3 Nc6 3. Bc4 Bc5 4. Nc3 d6 5. h3 Nf6 6. d3 h6 7. a3 Be6 8. Bxe6
fxe6 9. O-O Qe7 10. Na4 d5 11. b4 Bb6 12. Nxb6 cxb6 13. Bb2 dxe4 14. Nxe5 Nxe5
15. Bxe5 Rd8 16. d4 O-O 17. Qe2 Rc8 18. c4 Rfd8 19. Rfd1 a6 20. Rac1 Nd7 21.
Qxe4 Nxe5 22. Qxe5 Qf6 23. Qe4 Rd7 24. d5 Rcd8 25. Rc2 exd5 26. cxd5 Qe7 27.
Qc4 Qf7 28. Rcd2 b5 29. Qb3 Rd6 30. Rd3 Kh8 31. Rf3 Qg8 32. Rf5 R6d7 33. Qf3
Rd6 34. Rd4 Kh7 35. Qe4 Kh8 36. Qe5 Qe8 37. Qf4 R6d7 38. d6 Qe6 39. Rf8+ Rxf8
40. Qxf8+ Kh7 41. Qf4 Kh8 42. Qd2 Kh7 43. g4 Kh8 44. f4 Qb3 45. Rd3 Qf7 46. f5
Qf6 47. Kg2 Qg5 48. Qxg5 hxg5 49. Kf3 Kg8 50. Ke4 Kf7 51. Kd5 Kf6 52. Re3 Rd8
53. Re6+ Kf7 54. Ke5 Rd7 55. Rg6 Rd8 56. Rxg5 Rd7 57. Rg6 Rd8 58. Re6 Rd7 59.
g5 Rd8 60. g6+ Kf8 61. f6 gxf6+ 62. Kxf6 Rd7 63. h4 b6 64. h5 a5 65. h6 1-0

[Event "Prestwick Airport Minor"]
[Site "Prestwick"]
[Date "2011.05.15"]
[Round "5"]
[White "Espinosa, Cristina"]
[Black "Cameron, Richard"]
[Result "1-0"]
[WhiteElo "846"]
[BlackElo "1238"]
[PlyCount "83"]
[EventDate "2011.05.15"]
[EventRounds "5"]
[EventCountry "SCO"]

1. e4 e6 2. d4 d5 3. e5 c5 4. c3 Qb6 5. Bd3 Nc6 6. Nf3 Bd7 7. Be2 Nge7 8. O-O
Nf5 9. Bd3 cxd4 10. Bxf5 exf5 11. cxd4 Be7 12. Nc3 Be6 13. Qd2 O-O 14. Rd1 f6
15. exf6 Bxf6 16. Ng5 Ne7 17. Na4 Qc6 18. Nxe6 Qxe6 19. Nc5 Qc6 20. Re1 b6 21.
Ne6 Rfe8 22. Qd3 Rac8 23. Bf4 Qc2 24. Qg3 Ng6 25. Bg5 Bxg5 26. Qxg5 f4 27. Qxd5
Kh8 28. h3 Qc6 29. Qxc6 Rxc6 30. Ng5 Rxe1+ 31. Rxe1 Rc8 32. b3 h6 33. Nf7+ Kg8
34. Ne5 Nh4 35. Kh2 Nf5 36. d5 Rc2 37. Nd3 Rxa2 38. Rg1 g5 39. Rd1 Nd6 40. Ne5
Rb2 41. Nc4 Nf7 42. Nxb2 1-0

[Event "Prestwick Airport Minor"]
[Site "Prestwick"]
[Date "2011.05.15"]
[Round "5"]
[White "McCusker, Andrew"]
[Black "McCulloch, Andrew"]
[Result "1-0"]
[WhiteElo "676"]
[BlackElo "1023"]
[PlyCount "95"]
[EventDate "2011.05.15"]
[EventRounds "5"]
[EventCountry "SCO"]

1. c4 Nf6 2. Nf3 Nc6 3. d4 d5 4. Nc3 Bg4 5. e3 e6 6. Be2 Bb4 7. O-O Ne4 8. Nxe4
dxe4 9. Nd2 Bxe2 10. Qxe2 f5 11. a3 Be7 12. b4 Bf6 13. Bb2 a6 14. Nb3 b6 15.
Rfd1 Qe7 16. d5 Bxb2 17. Qxb2 exd5 18. Rxd5 O-O 19. Nd4 Qf6 20. Rxf5 Qd6 21.
Rd5 Qf6 22. Qd2 Ne7 23. Rh5 g6 24. Rh3 c5 25. Nc2 Rad8 26. Qe1 Nc6 27. Rb1 Ne5
28. Qe2 Qe6 29. Rh4 Nxc4 30. Rd1 Nd6 31. bxc5 Nf5 32. Rh3 Rxd1+ 33. Qxd1 bxc5
34. f3 exf3 35. Rxf3 Rb8 36. Qd3 Qa2 37. Rf1 Rc8 38. Qxa6 Rd8 39. Qe2 Qb3 40.
e4 Nd4 41. Nxd4 Rxd4 42. Qf2 Rd8 43. Qxc5 Qe6 44. e5 Rc8 45. Qd6 Qb3 46. h3
Qe3+ 47. Kh2 Qg5 48. Qe6+ 1-0

[Event "Prestwick Airport Minor"]
[Site "Prestwick"]
[Date "2011.05.15"]
[Round "5"]
[White "Mcleod, Robert"]
[Black "McCusker, Kirsty"]
[Result "1-0"]
[WhiteElo "997"]
[BlackElo "101"]
[PlyCount "63"]
[EventDate "2011.05.15"]
[EventRounds "5"]
[EventCountry "SCO"]

1. d4 c6 2. Nf3 d5 3. e3 Bf5 4. Bd3 Bxd3 5. Qxd3 e6 6. O-O Bd6 7. Nbd2 Ne7 8.
e4 O-O 9. e5 Bc7 10. Ng5 g6 11. Qh3 h5 12. Ndf3 Nf5 13. c3 Nd7 14. g4 Nh6 15.
gxh5 Kg7 16. hxg6 Kxg6 17. Nxe6 fxe6 18. Qxh6+ Kf7 19. Qh5+ Ke7 20. Bg5+ Nf6
21. exf6+ Rxf6 22. Bxf6+ Kxf6 23. Qh6+ Ke7 24. Rae1 Qg8+ 25. Kh1 Qf7 26. Ng5
Qg8 27. Nxe6 Qf7 28. Nxc7+ Kd7 29. Nxa8 Kc8 30. Qe6+ Qxe6 31. Rxe6 Kb8 32. Re8#
1-0

[Event "Prestwick Airport Minor"]
[Site "Prestwick"]
[Date "2011.05.15"]
[Round "5"]
[White "Milton, Anna"]
[Black "Watson, David"]
[Result "1-0"]
[WhiteElo "522"]
[BlackElo "1200"]
[PlyCount "93"]
[EventDate "2011.05.15"]
[EventRounds "5"]
[EventCountry "SCO"]

1. d4 d5 2. c4 e6 3. Nc3 Nf6 4. Bg5 Nbd7 5. Nf3 Be7 6. e3 b6 7. cxd5 exd5 8.
Bd3 c6 9. O-O Qc7 10. Re1 h6 11. Bh4 g5 12. Bg3 Qb7 13. e4 Nh5 14. exd5 cxd5
15. Bd6 Ne5 16. Rxe5 Be6 17. Bxe7 Qxe7 18. Nxd5 Qd6 19. Nc3 g4 20. Rxh5 gxf3
21. Qxf3 Rd8 22. Bb5+ Kf8 23. Qf6 Qb4 24. Qxd8+ Kg7 25. Qc7 Qxb2 26. Re1 Rc8
27. Qg3+ Kf8 28. Ne4 Rc1 29. Rxc1 Qxc1+ 30. Bf1 Bc4 31. Nd2 Qxd2 32. Bxc4 Qd1+
33. Bf1 Qxh5 34. Qb8+ Kg7 35. Qxa7 Qd5 36. Qxb6 Qxa2 37. h3 Qd2 38. Bb5 Qe1+
39. Kh2 Qxf2 40. Qd6 f6 41. Qg3+ Qxg3+ 42. Kxg3 Kf7 43. d5 Ke7 44. Kg4 Kd6 45.
Bc4 Ke5 46. Kh5 f5 47. Kxh6 1-0

[Event "Prestwick Airport Minor"]
[Site "Prestwick"]
[Date "2011.05.15"]
[Round "5"]
[White "Rank, Darren"]
[Black "Wright, E Carol"]
[Result "1-0"]
[WhiteElo "1049"]
[BlackElo "925"]
[PlyCount "53"]
[EventDate "2011.05.15"]
[EventRounds "5"]
[EventCountry "SCO"]

1. e4 e5 2. Bc4 Nf6 3. Qf3 Nc6 4. c3 Be7 5. d3 O-O 6. Nh3 Qe8 7. Be3 Nd8 8. Qg3
d6 9. Bh6 Nh5 10. Qf3 Bxh3 11. Qxh5 gxh6 12. Qxh3 Bg5 13. Nd2 Kh8 14. Nf3 f6
15. g3 b5 16. Bb3 a5 17. Qg2 a4 18. Bc2 a3 19. b3 Qc6 20. c4 b4 21. h4 Ne6 22.
hxg5 hxg5 23. Qh3 Qd7 24. d4 c5 25. d5 Rae8 26. dxe6 Qxe6 27. Qxh7# 1-0

[Event "Prestwick Airport Minor"]
[Site "Prestwick"]
[Date "2011.05.15"]
[Round "5"]
[White "Roy, Charles"]
[Black "Smith, Mark J"]
[Result "1/2-1/2"]
[WhiteElo "943"]
[BlackElo "1133"]
[PlyCount "106"]
[EventDate "2011.05.15"]
[EventRounds "5"]
[EventCountry "SCO"]

1. d4 e6 2. c4 Nf6 3. Nf3 Bb4+ 4. Bd2 Qe7 5. a3 Bxd2+ 6. Nbxd2 b6 7. e4 d5 8.
Bd3 Bb7 9. Qe2 dxe4 10. Nxe4 Nbd7 11. O-O O-O 12. Rac1 h6 13. Ne5 Nxe5 14. dxe5
Nxe4 15. Bxe4 Bxe4 16. Qxe4 c5 17. Rfd1 Rfd8 18. h3 Rxd1+ 19. Rxd1 Rd8 20.
Rxd8+ Qxd8 21. Qb7 Qd1+ 22. Kh2 Qd4 23. Qxa7 Qxe5+ 24. g3 Qxb2 25. Qa8+ Kh7 26.
Qf3 f6 27. Kg2 e5 28. Qe4+ Kh8 29. a4 Qb4 30. Qc6 Qa5 31. h4 Qb4 32. Qd5 Kh7
33. h5 f5 34. Qc6 Qxc4 35. Qg6+ Kh8 36. Qxb6 Qxa4 37. Qxc5 Qe4+ 38. Kh2 Qf3 39.
Qxe5 Qxh5+ 40. Kg1 Qg4 41. Qe3 Kh7 42. Kg2 Kg6 43. Qe6+ Kh5 44. f3 Qg6 45. Qc4
Qg5 46. f4 Qe7 47. Kf3 Qe4+ 48. Qxe4 fxe4+ 49. Kxe4 Kg4 50. Ke5 Kxg3 51. f5 h5
52. Ke6 h4 53. Kf7 Kg2 1/2-1/2

[Event "Prestwick Airport Minor"]
[Site "Prestwick"]
[Date "2011.05.15"]
[Round "5"]
[White "Thomas, Jacqui"]
[Black "Espinosa, Monica"]
[Result "0-1"]
[WhiteElo "1201"]
[BlackElo "575"]
[PlyCount "72"]
[EventDate "2011.05.15"]
[EventRounds "5"]
[EventCountry "SCO"]

1. c4 g6 2. Nc3 Bg7 3. g3 Nf6 4. Bg2 O-O 5. e3 c5 6. d4 cxd4 7. exd4 Re8 8.
Nge2 e5 9. d5 d6 10. O-O Bf5 11. f4 e4 12. Nd4 Bg4 13. Qd2 Qc8 14. Re1 Qxc4 15.
Nxe4 Nxe4 16. Rxe4 Rxe4 17. Bxe4 Qxd4+ 18. Qxd4 Bxd4+ 19. Kg2 Be2 20. Rb1 f5
21. Bc2 Bc4 22. b3 Bxd5+ 23. Kh3 Nc6 24. Ba3 Rd8 25. Bd3 Be4 26. Bxe4 fxe4 27.
Bb2 e3 28. Bxd4 Nxd4 29. Kg2 Re8 30. Rc1 Nc6 31. Re1 d5 32. Rc1 d4 33. Rc5 e2
34. Kf2 e1=Q+ 35. Kg2 d3 36. Rd5 Qe4+ 0-1

[Event "Prestwick Airport Minor"]
[Site "Prestwick"]
[Date "2011.05.15"]
[Round "5"]
[White "Waddington, James"]
[Black "Roy, Zak"]
[Result "0-1"]
[WhiteElo "1290"]
[BlackElo "877"]
[PlyCount "68"]
[EventDate "2011.05.15"]
[EventRounds "5"]
[EventCountry "SCO"]

1. b4 d5 2. Bb2 Bf5 3. e3 e6 4. Nf3 Nf6 5. a3 Be7 6. c4 dxc4 7. Bxc4 O-O 8. O-O
a6 9. Qb3 Bg4 10. Be2 Nc6 11. d3 Rb8 12. Nbd2 b6 13. Rac1 Na7 14. d4 a5 15. b5
Nc8 16. Rc6 Nd6 17. Rfc1 Rb7 18. h3 Bh5 19. a4 Nde4 20. Kf1 Bxf3 21. Nxf3 Nd5
22. Qc4 Bh4 23. Qd3 Nxf2 24. Qb3 Ne4 25. Qd3 f5 26. Qb3 f4 27. exf4 Rxf4 28.
Kg1 Bf2+ 29. Kh2 Qf6 30. Qxd5 exd5 31. Rxf6 Rxf6 32. Ba3 Be3 33. Be7 Bxc1 34.
Bxf6 Nxf6 0-1

[Event "Prestwick Airport Minor"]
[Site "Prestwick"]
[Date "2011.05.15"]
[Round "5"]
[White "White, Geoffrey"]
[Black "Hume, Wyllie"]
[Result "1-0"]
[WhiteElo "1195"]
[BlackElo "1080"]
[PlyCount "99"]
[EventDate "2011.05.15"]
[EventRounds "5"]
[EventCountry "SCO"]

1. d4 Nf6 2. f4 d5 3. e3 Bf5 4. Bd3 Bg6 5. Bxg6 hxg6 6. Qd3 Qd7 7. Nd2 Nc6 8.
Qb5 O-O-O 9. Ngf3 e6 10. c3 Be7 11. g3 Ng4 12. Qe2 f5 13. h4 Nf6 14. b4 Ne4 15.
Nxe4 fxe4 16. Ng5 Bxg5 17. fxg5 Rdf8 18. Rf1 Rf7 19. Rxf7 Qxf7 20. a4 Rf8 21.
Qg2 Qf3 22. Ra2 Qxg2 23. Rxg2 e5 24. b5 Na5 25. g4 exd4 26. cxd4 Kd8 27. h5
gxh5 28. gxh5 Ke8 29. Ba3 Rg8 30. g6 Nc4 31. Bc1 Rf8 32. Rf2 Rxf2 33. Kxf2 Ke7
34. Kg3 Kf6 35. Kg4 c6 36. bxc6 bxc6 37. Kf4 a6 38. Kg4 Nd6 39. Ba3 Nf5 40. Bc1
Nh6+ 41. Kf4 Nf5 42. Ba3 Nh6 43. Bd6 Ke6 44. Be5 Nf5 45. Bc7 Nh6 46. Kg5 Ke7
47. Bb8 Ke6 48. Be5 Nf5 49. Bxg7 Nxg7 50. h6 1-0